000 00637nam a2200181Ia 4500
008 100921s9999 xx 000 0 und d
082 _b24078
_a330 थ 91
100 _aनेने मधु.
245 _aबँकींगशी मैत्री.
260 _bकौशिक प्रकाशन, सातारा.
_c1991
300 _a200
_b---
365 _b63
520 _aस.शा.अर्थशास्त्र.
630 _aबँकींगशी मैत्री.
650 _aस.शा.अर्थशास्त्र.
730 _aबँकींगशी मैत्री.
942 _cBOOK
999 _c773191
_d773188